Statistics for Capitals in Europe - ערי בירה באירופה

Click here to take the quiz!

General Stats

  • This quiz has been taken 34 times
  • The average score is 29 of 44

Answer Stats

Country/המדינהCapital/עיר הבירה% Correct
Ukraine/אוקראינהKiev/קייב
96%
Italy/איטליהRome/רומא
96%
Austria/אוסטריהVienna/וינה
96%
Germany/גרמניהBerlin/ברלין
87%
Belgium/בלגיהBrussels/בריסל
87%
Ireland/אירלנדDublin/דבלין
87%
The Netherlands/הולנדAmsterdam/אמסטרדם
83%
UK/בריטניה/הממלכה המאוחדתLondon/לונדון
83%
Bulgaria/בולגריהSofia/סופיה
83%
Greece/יווןAthens/אתונה
78%
Denmark/דנמרקCopenhagen/קופנהגן
78%
Norway/נורווגיהOslo/אוסלו
78%
Hungary/הונגריהBudapest/בודפשט
74%
Russia/רוסיהMoscow/מוסקבה/מוסקווה
74%
France/צרפתParis/פריז
74%
Poland/פוליןWarsaw/ורשה
74%
Turkey/טורקיהAnkara/אנקרה
70%
Switzerland/שוויץBern/ברן
70%
Romania/רומניהBucharest/בוקרשט
70%
Spain/ספרדMadrid/מדריד
70%
Minsk/מינסקMinsk/מינסק
70%
Czechia/צ'כיהPrague/פראג
70%
Iceland/איסלנדReykjavík/Reykjavik/
רייקיאוויק
65%
Sweden/שוודיהStockholm/סטוקהולם
65%
Lithuania/ליטאVilnius/וילנה
65%
Finland/פינלנדHelsinki/הלסינקי
61%
Estonia/אסטוניהTallinn/טאלין
61%
Albania/אלבניהTirana/טירנה
61%
Vatican City/הותיקןVatican City/הותיקן/ותיקן
61%
Serbia/סרביהBelgrade/בלגרד
57%
Andorra/אנדורהAndorra la Vella/
אנדורה לה ולה
52%
Cyprus/קפריסיןNicosia/ניקוסיה
52%
Montenegro/מונטנגרוPodgorica/פודגוריצה
52%
Latvia/לטביהRiga/ריגה
52%
San Marino/סן מרינוSan Marino/סן מרינו
52%
Croatia/קרואטיהZagreb/זאגרב
52%
Luxemburg/לוקסמבורגLuxemburg city/
לוקסמבורג
48%
Moldova/מולדובהKishinev/Chișinău/
קישינב
43%
Slovenia/סלובניהLjubljana/לובליאנה
43%
Bosnia and Herzegovina/
בוסניה והרצגובינה
Sarajevo/סרייבו
43%
Slovakia/סלובקיהBratislava/ברטיסלאבה
39%
North Macedonia/מקדוניהSkopje/סקופיה
39%
Liechtenstein/ליכטנשטייןVaduz/ואדוץ
39%
Monaco/מונקוValletta/ולטה
9%

Score Distribution

Percentile by Number Answered

Percent of People with Each Score

Your Score History

You have not taken this quiz